000 00653nab a2200253 a 4500
001 30155
003 95815
005 20240710162734.0
008 ||||||n9999 ||| || ||
020 _a8461005228
041 _aspa
082 _219
_a1501952
100 _aFreud, Sigmund, 1856-1939
245 0 _aNuevas conferencias de introducción al psicoanálisis y otras obras :
_b1932-36 (v22)
260 _aBuenos Aires :
_bAmorrortu Editores,
_c1976.
300 _av22 263p
562 _e1
650 _aPSICOANÁLISIS
650 _aPSICOLOGÍA
773 _0525
_aObras completas
942 _cBKM
999 _c30155
_d30155
526 _a3899
526 _a9683